Statistics for States Without Professional Sports Teams

Click here to take the quiz!

General Stats

  • This quiz has been taken 703 times
  • The average score is 21 of 25

Answer Stats

Population of StateState% Correct
1.330 millionMaine
95%
.860 millionSouth Dakota
94%
.753 millionNorth Dakota
93%
.626 millionVermont
91%
1.030 millionMontana
89%
1.646 millionIdaho
88%
1.329 millionNew Hampshire
88%
2.088 millionNew Mexico
88%
1.055 millionRhode Island
88%
.588 millionWyoming
88%
4.871 millionSouth Carolina
86%
1.441 millionHawaii
85%
4.779 millionAlabama
84%
.710 millionAlaska
84%
3.002 millionMississippi
83%
3.117 millionIowa
81%
1.892 millionNebraska
81%
2.836 millionArkansas
80%
.942 millionDelaware
80%
4.423 millionKentucky
80%
1.848 millionWest Virginia
80%
8.363 millionVirginia
78%
2.912 millionKansas
75%
3.598 millionConnecticut
74%
2.869 millionNevada
61%

Score Distribution

Percentile by Number Answered

Percent of People with Each Score

Your Score History

You have not taken this quiz